[Event "Padova op-A 10th"]
[Site "Padova"]
[Date "2007.12.16"]
[Round "2.11"]
[White "Naumkin, Igor"]
[Black "Stiz, Massimiliano"]
[Result "1-0"]
[WhiteElo "2486"]
[BlackElo "2086"]
[PlyCount "51"]
[EventDate "2007.12.15"]
[EventType "swiss"]
[EventRounds "9"]
[EventCountry "ITA"]
[SourceTitle "EXT 2024"]
[Source "ChessBase"]
[SourceDate "2023.10.10"]
[SourceVersion "1"]
[SourceVersionDate "2023.10.10"]
[SourceQuality "1"]

1. d4 f5 2. Nf3 Nf6 3. Bg5 e6 4. Nbd2 Be7 5. Bxf6 Bxf6 6. e4 fxe4 7. Nxe4 b6 8. Bd3 Ba6 9. c3 Bxd3 10. Qxd3 Nc6 11. 0-0-0 Ne7 12. h4 Nd5 13. Neg5 g6 14. a3 c6 15. c4 Nc7 16. Rhe1 Kf8 17. Kb1 b5 18. cxb5 cxb5 19. d5 exd5 20. Rc1 Kg7 21. Nd4 Bxg5 22. hxg5 Re8 23. Qc3 Kf7 24. Rh1 Ne6 25. Rxh7+ Ng7 26. Rxg7+ 1-0

[Event "Padova op-A 10th"]
[Site "Padova"]
[Date "2007.12.15"]
[Round "1.19"]
[White "Stiz, Massimiliano"]
[Black "Topollaj, Mark"]
[Result "0-1"]
[WhiteElo "2086"]
[BlackElo "1413"]
[PlyCount "36"]
[EventDate "2007.12.15"]
[EventType "swiss"]
[EventRounds "9"]
[EventCountry "ITA"]
[SourceTitle "EXT 2024"]
[Source "ChessBase"]
[SourceDate "2023.10.10"]
[SourceVersion "1"]
[SourceVersionDate "2023.10.10"]
[SourceQuality "1"]

1. e4 e6 2. d4 d5 3. e5 c5 4. Qg4 cxd4 5. Nf3 Nc6 6. a3 Qc7 7. Bf4 Nge7 8. Bd3 Ng6 9. Qg3 Bd7 10. h4 Nxf4 11. Qxf4 g6 12. 0-0 Bg7 13. Re1 0-0 14. h5 f6 15. hxg6 h6 16. Qh2 Nxe5 17. Nxd4 Qb6 18. Nb3 Nxd3 0-1

[Event "Pedavena op-A 2nd"]
[Site "Pedavena"]
[Date "2006.08.05"]
[Round "7"]
[White "Cortina, Federico"]
[Black "Stiz, Massimiliano"]
[Result "1/2-1/2"]
[WhiteElo "1907"]
[BlackElo "2101"]
[PlyCount "126"]
[EventDate "2006.08.01"]
[EventType "swiss"]
[EventRounds "7"]
[EventCountry "ITA"]
[SourceTitle "EXT 2023"]
[Source "ChessBase"]
[SourceDate "2022.10.05"]
[SourceVersion "1"]
[SourceVersionDate "2022.10.05"]
[SourceQuality "1"]

1. d4 e6 2. c4 f5 3. g3 Nf6 4. Bg2 Be7 5. Nf3 0-0 6. 0-0 Ne4 7. b3 Bf6 8. Bb2 Na6 9. a3 c6 10. Nbd2 d5 11. Ne5 Bxe5 12. dxe5 Bd7 13. cxd5 cxd5 14. Nf3 Rc8 15. Rc1 Qb6 16. b4 Rxc1 17. Bxc1 Nc3 18. Qd3 Rc8 19. Be3 Qc7 20. Bd4 Bb5 21. Qxc3 Qxc3 22. Bxc3 Rxc3 23. Nd4 Bd7 24. Ra1 Nc7 25. e3 Nb5 26. Nxb5 Bxb5 27. Bf1 Bc4 28. Bxc4 dxc4 29. Rd1 Rxa3 30. Rd8+ Kf7 31. Rd7+ Ke8 32. Rxb7 Kd8 33. Rb5 c3 34. Rc5 Rb3 35. h4 Rxb4 36. Rxc3 Rb6 37. Ra3 a6 38. Kg2 g6 39. Kf3 Kc7 40. e4 fxe4+ 41. Kxe4 Rb4+ 42. Ke3 Kb6 43. Rd3 Rc4 44. f3 a5 45. g4 a4 46. f4 Rc5 47. Ke4 Ra5 48. Ra3 Kc6 49. f5 gxf5+ 50. gxf5 exf5+ 51. Kxf5 Kd7 52. Kf6 Ra6+ 53. Kf7 h5 54. e6+ Rxe6 55. Rxa4 Re5 56. Rd4+ Kc7 57. Kg6 Rb5 58. Kh6 Ra5 59. Rd3 Rb5 60. Rg3 Kd7 61. Rg5 Rxg5 62. Kxg5 Ke7 63. Kxh5 Kf7 1/2-1/2

[Event "Pedavena op-A 2nd"]
[Site "Pedavena"]
[Date "2006.08.04"]
[Round "6"]
[White "Stiz, Massimiliano"]
[Black "Maietti, Luca"]
[Result "1/2-1/2"]
[WhiteElo "2101"]
[BlackElo "1811"]
[PlyCount "84"]
[EventDate "2006.08.01"]
[EventType "swiss"]
[EventRounds "7"]
[EventCountry "ITA"]
[SourceTitle "EXT 2023"]
[Source "ChessBase"]
[SourceDate "2022.10.05"]
[SourceVersion "1"]
[SourceVersionDate "2022.10.05"]
[SourceQuality "1"]

1. e4 e6 2. d4 d5 3. e5 c5 4. Nf3 Qb6 5. Bd3 Bd7 6. 0-0 cxd4 7. b3 Nc6 8. a3 Nge7 9. Bb2 Ng6 10. Re1 Qc7 11. Bxg6 hxg6 12. h3 Rc8 13. b4 Rh5 14. Qe2 a6 15. Nbd2 Be7 16. Nb3 Kf8 17. Rac1 Bg5 18. Nxg5 Rxg5 19. Bxd4 Nxd4 20. Nxd4 Qc4 21. Qe3 Rh5 22. Red1 Qc7 23. f4 Qd8 24. Nf3 Bb5 25. Kh2 Rc4 26. Nd2 Rc7 27. Ne4 Qh4 28. Nd6 g5 29. Rd4 gxf4 30. Rxf4 Qg5 31. Qf2 Qxe5 32. Nxb5 axb5 33. Re1 Qd6 34. g3 Qd7 35. Qf3 Rh6 36. c3 e5 37. Rxe5 Qxh3+ 38. Kg1 Qh2+ 39. Kf1 Rg6 40. Rh4 Qxh4 41. gxh4 Rf6 42. Qxf6 gxf6 1/2-1/2

[Event "Bresso op 4th"]
[Site "Bresso"]
[Date "2004.06.13"]
[Round "5"]
[White "Astengo, Marcello"]
[Black "Stiz, Massimiliano"]
[Result "0-1"]
[WhiteElo "2069"]
[BlackElo "1802"]
[PlyCount "98"]
[EventDate "2004.06.10"]
[EventType "swiss"]
[EventRounds "6"]
[EventCountry "ITA"]
[SourceTitle "EXT 2007"]
[Source "ChessBase"]
[SourceDate "2006.11.23"]
[SourceVersion "1"]
[SourceVersionDate "2006.11.23"]
[SourceQuality "1"]

1. d4 e6 2. c4 f5 3. Nc3 Nf6 4. Qc2 Nc6 5. e3 b6 6. a3 Bb7 7. Nf3 Be7 8. Bd3 0-0 9. 0-0 Qe8 10. Bd2 Qh5 11. Rae1 Bd6 12. Nb5 g5 13. Nxd6 cxd6 14. d5 Ne5 15. Nxe5 dxe5 16. f3 g4 17. e4 f4 18. Be2 g3 19. h3 exd5 20. cxd5 Rfc8 21. Qa4 d6 22. Rc1 Rc5 23. Ba6 Bc8 24. Bxc8 Raxc8 25. Qxa7 Rxc1 26. Rxc1 Rxc1+ 27. Bxc1 Nxe4 28. Qxb6 Nf2 29. Qd8+ Kg7 30. Qd7+ Kh8 31. Bd2 h6 32. Qe6 Qh4 33. Ba5 Qh5 34. Bd8 Ne4 35. b4 Ng5 36. Bf6+ Kh7 37. Qe7+ Nf7 38. Qf8 Qg6 39. Qg7+ Qxg7 40. Bxg7 Kxg7 41. a4 e4 42. a5 Ne5 43. a6 Nd7 44. fxe4 Kf6 45. Kf1 Ke5 46. Ke2 Kxe4 47. a7 Nb6 48. b5 Kxd5 49. Kf3 Ke5 0-1

[Event "Bresso op 4th"]
[Site "Bresso"]
[Date "2004.06.12"]
[Round "3"]
[White "Cardani, Roberto"]
[Black "Stiz, Massimiliano"]
[Result "0-1"]
[WhiteElo "1939"]
[BlackElo "1802"]
[PlyCount "74"]
[EventDate "2004.06.10"]
[EventType "swiss"]
[EventRounds "6"]
[EventCountry "ITA"]
[SourceTitle "EXT 2007"]
[Source "ChessBase"]
[SourceDate "2006.11.23"]
[SourceVersion "1"]
[SourceVersionDate "2006.11.23"]
[SourceQuality "1"]

1. e4 e6 2. d4 d5 3. Nc3 Bb4 4. e5 c5 5. a3 Bxc3+ 6. bxc3 Qc7 7. Nf3 Ne7 8. a4 Bd7 9. Bd2 Nbc6 10. Bb5 h6 11. 0-0 f6 12. Re1 0-0-0 13. Qc1 Ng6 14. exf6 gxf6 15. Qa3 c4 16. a5 e5 17. dxe5 fxe5 18. Qc5 e4 19. Nd4 Nxd4 20. Bxd7+ Rxd7 21. Qxd4 a6 22. Qf6 Rg7 23. Reb1 Qe5 24. Qxe5 Nxe5 25. Bf4 Ng6 26. Bg3 h5 27. h4 Rf8 28. Rb6 Nf4 29. Bxf4 Rxf4 30. Rd6 Rxh4 31. Rxd5 Rhg4 32. Rad1 Rxg2+ 33. Kf1 h4 34. Rh5 e3 35. Rc5+ Kb8 36. Rd8+ Ka7 37. Rcc8 Rxf2+ 0-1

[Event "Bresso op 4th"]
[Site "Bresso"]
[Date "2004.06.11"]
[Round "2"]
[White "Stiz, Massimiliano"]
[Black "Aglietti, Graziano"]
[Result "1-0"]
[WhiteElo "1802"]
[BlackElo "2084"]
[PlyCount "45"]
[EventDate "2004.06.10"]
[EventType "swiss"]
[EventRounds "6"]
[EventCountry "ITA"]
[SourceTitle "EXT 2007"]
[Source "ChessBase"]
[SourceDate "2006.11.23"]
[SourceVersion "1"]
[SourceVersionDate "2006.11.23"]
[SourceQuality "1"]

1. e4 e6 2. d4 d5 3. exd5 exd5 4. Nf3 Bd6 5. h3 Ne7 6. Bd3 0-0 7. Nc3 Bf5 8. Be3 c6 9. g4 Bxd3 10. Qxd3 Na6 11. a3 Ng6 12. Ne2 Re8 13. 0-0-0 Qc7 14. Kb1 b5 15. h4 Nf4 16. Nxf4 Bxf4 17. Ng5 Bxg5 18. hxg5 g6 19. Bd2 Kg7 20. Qf3 Rh8 21. Bf4 Qd7 22. Be5+ Kg8 23. Qf6 1-0

[Event "Padova op-A 5th"]
[Site "Padova"]
[Date "2002.12.21"]
[Round "4.33"]
[White "Trimboli, Carlo"]
[Black "Stiz, Massimiliano"]
[Result "0-1"]
[WhiteElo "1600"]
[BlackElo "1627"]
[PlyCount "92"]
[EventDate "2002.12.14"]
[EventType "swiss"]
[EventRounds "6"]
[EventCountry "ITA"]
[SourceTitle "EXT 2023"]
[Source "ChessBase"]
[SourceDate "2022.10.05"]
[SourceVersion "1"]
[SourceVersionDate "2022.10.05"]
[SourceQuality "1"]

1. d4 Nf6 2. e3 g6 3. Bd3 d6 4. Nc3 Bg7 5. e4 Nbd7 6. h3 c6 7. Be3 e5 8. Nf3 Qc7 9. Qd2 b5 10. a3 0-0 11. Bh6 Bb7 12. Bxg7 Kxg7 13. b4 a6 14. 0-0 Nh5 15. Ne2 exd4 16. Ng3 Nxg3 17. fxg3 c5 18. Rfe1 Ne5 19. Nxe5 dxe5 20. bxc5 Qxc5 21. g4 Qe7 22. Qa5 Rfc8 23. Rf1 Rc3 24. Rf2 Bc6 25. Raf1 Be8 26. Ra1 Qc7 27. Qb4 a5 28. Qb2 Rb8 29. Qc1 b4 30. axb4 axb4 31. Qd2 b3 32. cxb3 Rbxb3 33. Be2 Rc2 34. Qg5 Rc6 35. Ra8 Rb8 36. Ra1 h6 37. Qd2 Rc2 38. Qd1 Rbb2 39. Rb1 Rxb1 40. Qxb1 Rc1+ 41. Qxc1 Qxc1+ 42. Kh2 Qe3 43. Kg1 Qxe4 44. Bf3 Qe3 45. Bd5 d3 46. Kf1 Qc1# 0-1

[Event "Veneto-ch qf 62nd"]
[Site "Arqua Petrarca"]
[Date "2002.05.12"]
[Round "5.9"]
[White "Bassetto, Marco"]
[Black "Stiz, Massimiliano"]
[Result "0-1"]
[WhiteElo "1792"]
[BlackElo "1591"]
[PlyCount "62"]
[EventDate "2002.05.04"]
[EventType "swiss"]
[EventRounds "6"]
[EventCountry "ITA"]
[SourceTitle "EXT 2024"]
[Source "ChessBase"]
[SourceDate "2023.10.10"]
[SourceVersion "1"]
[SourceVersionDate "2023.10.10"]
[SourceQuality "1"]

1. e4 e6 2. d4 d5 3. Nc3 Bb4 4. e5 c5 5. a3 Bxc3+ 6. bxc3 Qc7 7. Qg4 Ne7 8. Bb5+ Bd7 9. Bxd7+ Nxd7 10. Ne2 Ng6 11. 0-0 Rc8 12. Be3 0-0 13. h4 f5 14. exf6 Nxf6 15. Qxe6+ Kh8 16. Qh3 Rce8 17. h5 Ne7 18. dxc5 Ne4 19. h6 Nf5 20. hxg7+ Qxg7 21. Bd4 Nxd4 22. cxd4 Nd2 23. Qg3 Rxe2 24. Qxg7+ Kxg7 25. Rae1 Rfxf2 26. Rxf2 Rxe1+ 27. Kh2 Ne4 28. Rf5 Rh1+ 29. Kxh1 Ng3+ 30. Kg1 Nxf5 31. Kf2 Nxd4 0-1